[Event "Harrogate 4NCL op-B 31st"]
[Site "Harrogate"]
[Date "2024.01.21"]
[Round "5"]
[White "Echavarria Hidalgo, Fernando"]
[Black "Sharkey, Gary"]
[Result "0-1"]
[WhiteElo "1791"]
[BlackElo "1707"]
[PlyCount "44"]
[EventDate "2024.01.19"]
[EventType "swiss"]
[EventRounds "5"]
[EventCountry "ENG"]
[SourceTitle "CBM 218 Extra"]
[Source "ChessBase"]
[SourceDate "2024.03.31"]
[SourceVersion "1"]
[SourceVersionDate "2024.03.31"]
[SourceQuality "1"]

1. e4 d5 2. exd5 Nf6 3. c4 e6 4. dxe6 Bxe6 5. Nf3 Nc6 6. d3 Bb4+ 7. Bd2 Qe7 8. Bxb4 Nxb4 9. Be2 0-0-0 10. Ne5 Bf5 11. f4 Nxd3+ 12. Bxd3 Rxd3 13. Qe2 Re8 14. 0-0 Ng4 15. Nc3 Qc5+ 16. Kh1 Re3 17. Qd1 R8xe5 18. fxe5 Qxe5 19. g3 Be4+ 20. Nxe4 Qxe4+ 21. Kg1 Re2 22. Qd5 Qe3+ 0-1